Kailas-Manasarovar/ (Record no. 12177)

MARC details
000 -LEADER
fixed length control field 00656 a2200193 4500
010 ## - LIBRARY OF CONGRESS CONTROL NUMBER
LC control number ENG-90148
020 ## - INTERNATIONAL STANDARD BOOK NUMBER
Terms of availability 300.00(app)
035 ## - SYSTEM CONTROL NUMBER
System control number EN-73681
037 ## - SOURCE OF ACQUISITION
Source of stock number/acquisition DBAD / PUB
082 14 - DEWEY DECIMAL CLASSIFICATION NUMBER
Classification number 915.15
090 ## - LOCALLY ASSIGNED LC-TYPE CALL NUMBER (OCLC); LOCAL CALL NUMBER (OCLC)
-- 12537
-- 12537
100 1# - MAIN ENTRY--PERSONAL NAME
Personal name Pranavananda, Swami
245 1# - TITLE STATEMENT
Title Kailas-Manasarovar/
Statement of responsibility, etc by Swami Pranavananda
260 ## - PUBLICATION, DISTRIBUTION, ETC. (IMPRINT)
Place of publication, distribution, etc Bangalore
Name of publisher, distributor, etc Admirers of Swami Pranavananda
Date of publication, distribution, etc 2007 (repr.).
270 ## - ADDRESS
City Bangalore
Address 1138, 18th Cross, BSK II Stage
Postal code 560 070
300 ## - PHYSICAL DESCRIPTION
Extent xxiii, 242p.:
Dimensions 22 cm. (Hb)
Other physical details b&w photos
942 ## - ADDED ENTRY ELEMENTS (KOHA)
Institution code [OBSOLETE] dpl
Koha item type English Books
Call number prefix 915.15 / PRA
Holdings
Withdrawn status Lost status Source of classification or shelving scheme Damaged status Not for loan Collection code Home library Current library Source of acquisition Cost, normal purchase price Total Checkouts Full call number Barcode Date last seen Copy number Uniform Resource Identifier Cost, replacement price Price effective from Koha item type
    Dewey Decimal Classification   Not For Loan Non-fiction D.B.Act.Division D.B.Act.Division DBAD/PUB 300.00   915.15 PRA EN-73681 15/09/2008 1 13341 300.00 15/09/2008 English Books

© Delhi Public Library
Hit Counter
free hit counter